LEADER 02688nam 22005412 450 001 9910478884403321 005 20210204094529.0 010 $a1-64189-905-0 010 $a1-942401-32-9 024 7 $a10.1515/9781942401322 035 $a(CKB)4340000000210564 035 $a(MiAaPQ)EBC5114406 035 $a(MiAaPQ)EBC6034228 035 $a(DE-B1597)546814 035 $a(DE-B1597)9781942401322 035 $a(UkCbUP)CR9781942401322 035 $a(PPN)231480385 035 $a(OCoLC)1008775120 035 $a(EXLCZ)994340000000210564 100 $a20201011d2017|||| uy| 0 101 0 $aeng 135 $aur||||||||||| 181 $ctxt$2rdacontent 182 $cc$2rdamedia 183 $acr$2rdacarrier 200 14$aThe kingdom of Rus' /$fby Christian Alexander Raffensperger$b[electronic resource] 210 1$aBradford :$cArc Humanities Press,$d2017. 215 $a1 online resource (xix, 97 pages) $cdigital, PDF file(s) 225 1 $aPast imprfect 300 $aTitle from publisher's bibliographic system (viewed on 15 Jan 2021). 311 $a1-942401-31-0 320 $aIncludes bibliographical references. 327 $aIntroduction : the problem with names -- The place of Rus' in medieval Europe -- The historiography of the translation of kniaz' -- Titulature and medieval rulers -- What was a kniaz'? -- Medieval titulature and Rus' -- Titles for other medieval rulers in Rusian sources -- Conclusion : consequences and resolutions. 330 $aAs scholarship continues to expand the idea of medieval Europe beyond 'the West,' the Rus' remain the final frontier relegated to the European periphery. The Kingdom of Rus' challenges the perception of Rus' as an eastern 'other' - advancing the idea of the Rus' as a kingdom deeply integrated with medieval Europe, through an innovative analysis of medieval titles. Examining a wide range of medieval sources, this book exposes the common practice in scholarship of referring to Rusian rulers as princes as a relic of early modern attempts to diminish the Rus'. Not only was Rus' part and parcel of medieval Europe, but in the eleventh and twelfth centuries Rus' was the largest kingdom in Christendom. 410 0$aPast imperfect (ARC Humanities Press) 606 $aNobility$zKievan Rus 607 $aKievan Rus$xKings and rulers$xHistory 607 $aEurope$xRelations$zKievan Rus 607 $aKievan Rus$xRelations$zEurope 615 0$aNobility 676 $a947/.02 700 $aRaffensperger$b Christian$01030198 801 0$bUkCbUP 801 1$bUkCbUP 906 $aBOOK 912 $a9910478884403321 996 $aThe kingdom of Rus'$92481551 997 $aUNINA LEADER 04007oam 2200469 450 001 9910555131103321 005 20220902200847.0 010 $a1-119-27206-8 010 $a1-119-27205-X 010 $a1-119-27207-6 035 $a(CKB)4330000000009845 035 $a(MiAaPQ)EBC6498781 035 $a(EXLCZ)994330000000009845 100 $a20210817d2021 uy 0 101 0 $aeng 135 $aurcnu|||||||| 181 $ctxt$2rdacontent 182 $cc$2rdamedia 183 $acr$2rdacarrier 200 00$aAdministrative records for survey methodology /$feditors, Asaph Young Chun [et al.] 210 1$aHoboken, NJ :$cWiley,$d[2021] 210 4$dİ2021 215 $a1 online resource (xxv, 354 pages) $cillustrations (some color) 225 1 $aWiley Series in Survey Methodology 311 1 $a1-119-27204-1 330 $a"Featuring contributions from well-known international experts, this book addresses the methodological issues involved in administrative data research as well as the various concerns users face with administrative records such as issues of privacy, confidentiality, and legality. The book illustrates numerous real-world examples of administrative data research from various countries, culminating in a comprehensive guide to administrative data in statistical surveys. This historical and international perspective provides readers with a better understanding of the practical applications and approaches needed for improving the quality of surveys, controlling the cost of survey data collection, and integrating administrative data with other data obtained from surveys and censuses. This book also features detailed coverage on the advanced statistical techniques for the control of data quality and reduction in total survey error. The first part of the book focuses on the theory of total administrative records error and provides relevant practices case studies tied to the survey life-cycle, while the second part of the book features the technical issues of processing and linking administrative data with multiple sources of data in multimode data collection. Bayesian approaches are linked to real-world applications for the use of administrative data in surveys and censuses over the survey life cycle, and the relevance of how these cutting-edge techniques can affect administrative records research is illustrated in key sectors of health, economy, and education. In addition, these technological and statistical innovations are used to advance the systematic integration of administrative data, improve the survey frame, reduce nonresponse follow-up, and assess coverage error. Topical coverage includes: pandata systems to enhance survey and census systems; integration of survey and administrative data for statistical purposes; evaluation of the quality of administrative data; measurement of data quality in register-based statistics; cleaning and using administrative lists; assessing uncertainty; record linkage and assessment of date in health sciences; methods to improve small area estimation; administrative records for imputing nonresponse; Bayesian use of administrative records around census life cycle; use of administrative data in official statistics; application of administrative data in health science; using linking survey and administrative data to improve economic surveys; and administrative sources for censuses with demographic and social statistics"-- Provided by publisher 410 0$aWiley series in survey methodology. 606 $aSurveys$xMethodology 606 $aSurveys$xQuality control 608 $aElectronic books. 615 0$aSurveys$xMethodology. 615 0$aSurveys$xQuality control. 676 $a001.433 702 $aChun$b Asaph Young 702 $aLarsen$b Michael D.$f1977- 801 0$bMiAaPQ 801 1$bMiAaPQ 801 2$bUtOrBLW 906 $aBOOK 912 $a9910555131103321 996 $aAdministrative records for survey methodology$92815456 997 $aUNINA